Del barrio al globo: los niveles del movimiento para otra mundialización /
En varios partres del mundo, se organizan convergencias parciales de la sociedad civil en contra de los proyectos neoliberales. Lejos de oponerse a la mundialiación, este movimiento "alternomundista" se constituye simultáneamente en el nivel local, nacional, regional, continental y mundial...
Salvato in:
| Autore principale: | |
|---|---|
| Natura: | testo |
| Soggetti: | |
| Tags: |
Aggiungi Tag
Nessun Tag, puoi essere il primo ad aggiungerne!!
|
MARC
| LEADER | 00000 a a2200000 04500 | ||
|---|---|---|---|
| 001 | 14452 | ||
| 003 | |||
| 040 | |||
| 100 | |a Pleyers, Geoffrey | ||
| 245 | |a Del barrio al globo: |b los niveles del movimiento para otra mundialización / |c Geoffrey Pleyers | ||
| 520 | |a En varios partres del mundo, se organizan convergencias parciales de la sociedad civil en contra de los proyectos neoliberales. Lejos de oponerse a la mundialiación, este movimiento "alternomundista" se constituye simultáneamente en el nivel local, nacional, regional, continental y mundial. Aunque ha desarrollado una gran aptitud para la combinación de todos estos ámbitos de acción, esta articulación todavía representa un desafío que no siempre logra resolver el joven movimiento | ||
| 650 | |a MOVIMIENTOS SOCIALES | ||
| 650 | |a NEOLIBERALISMO | ||
| 650 | |a GLOBALIZACION | ||
| 773 | |g número 100 (II); páginas 179-188 | ||
| 999 | |c 33268 |d 33268 | ||
| 773 | 0 | |0 18728 |9 3037 |a Universidad de Costa Rica |d San José, Costa Rica Editorial UCR 1956- |o 17128 |t Revista de Ciencias Sociales/ |x 04825276 | |
